Postavenie Severotureckej cyperskej republiky vo vzťahu k EÚ bakalárska práca

Saved in:
Bibliographic Details
Main Author: Kolek, Maroš
Corporate Author: Obchodná fakulta EU. Katedra medzinárodného obchodu
Other Authors: Repášová, Vladimíra
Format: Book
Language:Slovak
Published: Bratislava 2012
Tags: Add Tag
No Tags, Be the first to tag this record!

MARC

LEADER 00000nbm a2200000 4500
001 0154449
005 20161109111844.8
041 0 |a slo 
044 |a SK 
245 1 0 |a Postavenie Severotureckej cyperskej republiky vo vzťahu k EÚ  |b bakalárska práca  |c Maroš Kolek ; školiteľ: Vladimíra Repášová 
264 1 |a Bratislava  |c 2012 
300 |a 45 s. 
100 1 |a Kolek, Maroš 
700 1 |a Repášová, Vladimíra 
710 2 |a Obchodná fakulta EU. Katedra medzinárodného obchodu